000 00972nam a2200253 i 4500
001 bg
245 0 _aWyzwania Unii Europejskiej dla postaw, umiejętności i wiedzy przyszłych menedżerów :
_bmateriały konferencyjne /
_cPod red. Jerzego Dietla, Zofii Sapijaszki ; Fundacja Edukacyjna Przedsiębiorczości, Stowarzyszenie Edukacji Menedżerskiej FORUM.
260 _aŁódź :
_b[Fundacja Edukacyjna Przedsiębiorczości],
_c2000.
300 _a300 s. :
_bil. ;
_c24 cm.
504 _aBibliogr. przy ref.
650 9 _aMenedżerowie
_xzarządzanie
650 9 _aMenedżerowie
_xedukacja
655 _aMateriały konferencyjne
700 1 _aDietl, Jerzy
_d(1927- ).
_eRed.
700 1 _aSapijaszka, Zofia.
_eRed.
710 _aFundacja Edukacyjna Przedsiębiorczości
020 _a839107630X
040 _cBPK
041 _apl
080 _a65.013:061.1A/Z(4-67)](061)
920 _a83-910763-0-X
942 _cKS
008 s pl f |000 0 pol
999 _c35372
_d35372
856 _uhttp://koha.tu.koszalin.pl/cgi-bin/koha/opac-detail.pl?biblionumber=35372
_yKatalog online BPK